| 000 | 00745nam a2200277Ia 4500 | ||
|---|---|---|---|
| 001 | Z_4985 | ||
| 003 | CHAP | ||
| 008 | 220113s1999 xx 000 0 und d | ||
| 010 | _a168041 | ||
| 040 | _cCHAP | ||
| 082 | _aA-2 | ||
| 100 |
_aAgrovideo International _9142299 |
||
| 245 |
_aVacas lecheras : manejo y reproducción / _cpor Agrovídeo International |
||
| 260 |
_aMéxico, D. F. : _bAgrovídeo, _c1999 |
||
| 300 | _a1 Videocassette VHS | ||
| 440 |
_aPecuaria lechera _9142303 |
||
| 650 |
_aEducación audiovisual I. t. _9142301 |
||
| 650 |
_aGanado lechero _xManejo _9140018 |
||
| 650 |
_aGanado lechero _xNutrición _945281 |
||
| 901 | _aA-2 | ||
| 902 | _aM | ||
| 910 | _a1999 | ||
| 942 | _cc14 | ||
| 942 | _cc14 | ||
| 999 |
_c168041 _d168041 |
||